Statistics for Top 10 Longest Rivers In The World

Click here to take the quiz!

General Stats

  • This quiz has been taken 41 times
  • The average score is 7 of 10

Answer Stats

Length(Miles)River% Correct
3,977 miAmazon
100%
4,132 miNile
100%
2,340 miMississippi
87%
3,395 miYellow
87%
2,920 miCongo
85%
3,915 miYangtze
82%
2,341 miMissouri
69%
2,299 miOb
46%
3,032 miParana
31%
2,640 miIrtysh
13%

Score Distribution

Percentile by Number Answered

Percent of People with Each Score

Your Score History

You have not taken this quiz